00226nam a2200109Ia 4500100001800000650001200018366000700030245002700037260003200064300000800096546001200104 aSudha Murthy  aFiciton f20 aThe oldman and his God bPenquin booksaMumbaic2006 a131 aENGLISH